La Doctrine mariale dans l'expose de la foi; journees sacerdotales, Basse-Wavre, 29-31 Juillet, 1953.
Saved in:
| Format: | Book |
|---|---|
| Language: | French |
| Published: |
Brussels,
la Pensee Catholique,
1953.
|
| Series: | Evangeliser,
7.année, n ̊40, jan., 1953 |
| Subjects: | |
| Tags: |
Add Tag
No Tags, Be the first to tag this record!
|
| LEADER | 00619nam a2200193K 4500 | ||
|---|---|---|---|
| 001 | 005507982-2 | ||
| 005 | 20020606163548.3 | ||
| 008 | 881118s1953 be 000 0 fre d | ||
| 035 | 0 | |a ocm18784767 | |
| 040 | |a STH |c STH |d HLS | ||
| 090 | |a BT645 |b .D58 | ||
| 245 | 0 | 3 | |a La Doctrine mariale dans l'expose de la foi; |b journees sacerdotales, Basse-Wavre, 29-31 Juillet, 1953. |
| 260 | |a Brussels, |b la Pensee Catholique, |c 1953. | ||
| 300 | |a 517 p. | ||
| 490 | 0 | |a Evangeliser, |v 7.année, n ̊40, jan., 1953 | |
| 600 | 0 | 0 | |a Mary, |c Blessed Virgin, Saint |x Devotion to. |
| 730 | 0 | |a Journees sacerdotales. | |
| 988 | |a 20020608 | ||
| 906 | |0 OCLC | ||


